| 000 | 01319cam a22003137a 4500 | ||
|---|---|---|---|
| 999 |
_c332023 _d332023 |
||
| 001 | 13892465 | ||
| 003 | NUST | ||
| 005 | 20171107150917.0 | ||
| 008 | 050308s2006 caua 001 0 eng d | ||
| 010 | _a 2005923763 | ||
| 020 | _a0534389740 | ||
| 035 | _a(OCoLC)ocm63174606 | ||
| 040 |
_aTXA _cTXA _dBAKER _dDLC |
||
| 042 | _alccopycat | ||
| 050 | 0 | 0 |
_aQD31.3 _b.B76 2006 |
| 082 | _a628.0154 BRO | ||
| 100 | 1 |
_aBrown, Lawrence Stephen. _96112 |
|
| 245 | 1 | 0 |
_aChemistry for engineering students / _cLawrence S. Brown, Thomas A. Holme. |
| 250 | _aStudent ed. | ||
| 260 |
_aBelmont, CA : _bThomson-Brooks/Cole, _cc2006. |
||
| 300 |
_axxxi, 653 p. : _bill. (chiefly col.) ; _c25 cm. |
||
| 500 | _aIncludes glossary (p. 633-636). | ||
| 500 | _aIncludes index. | ||
| 501 | _aH.B | ||
| 650 | 0 |
_aChemistry _vTextbooks. _96113 |
|
| 700 | 1 |
_aHolme, Thomas A. _96114 |
|
| 856 | 4 | 2 |
_3Contributor biographical information _uhttp://www.loc.gov/catdir/enhancements/fy1103/2005923763-b.html |
| 856 | 4 | 2 |
_3Publisher description _uhttp://www.loc.gov/catdir/enhancements/fy1103/2005923763-d.html |
| 856 | 4 | 1 |
_3Table of contents only _uhttp://www.loc.gov/catdir/enhancements/fy1103/2005923763-t.html |
| 906 |
_a7 _bcbc _ccopycat _d3 _encip _f20 _gy-gencatlg |
||
| 942 |
_2ddc _cBK _kIESE |
||